| 000 | 00910 a2200205 4500 | ||
|---|---|---|---|
| 001 | 45071 | ||
| 005 | 20260407155726.0 | ||
| 008 | 260407a1973 arg spa d | ||
| 003 | AR-UNSa-BCEJYS | ||
| 040 |
_aAR-UNSa-BCEJYS _bspa _cAR-UNSa-BCEJYS |
||
| 080 |
_a510.6 _xLógica matemática |
||
| 245 | 1 | 0 | _aManual de lógica para estudiantes de matemáticas |
| 264 | 1 |
_aMéxico : _bTrillas _c1973 |
|
| 300 |
_a66 p. _c23 cm. |
||
| 505 | _aI. Sintaxis: 1. Proposiciones simples - 2. Negaciones - 3. Conjunciones y disyunciones - 4. Condicionales - 5. Bicondicionales - 6. Cuantificaciones -- II Semántica: 7. Válidez e implicación - 8. Demostraciones DIRECTAS - 9. Equivalencia de proposiciones - 10. Leyes de la negación - 11. Demostraciones indirectas - 12. Interpretación de la igualdad | ||
| 041 | _aspa | ||
| 942 | _cBK | ||
| 590 | _aniveau_biblio:m niveau_hierar:0 | ||
| 100 | 1 | _aZubieta Russi, Gonzalo | |
| 999 |
_c3908 _d3908 |
||